000 00624nam a22001937a 4500
005 20161021151551.0
010 _aENG-116242
020 _a9780199466054
_c450.00
035 _aEN-99774
037 _bDBAD/PUB
082 _a320.60954
100 _a Mathur,Kuldeep
245 _aPublic policy and politics in India :
_c by Kuldeep Mathur
_bhow institutions matter /
260 _aNew Delhi
_bOxford University Press
_c2015
270 _aYMCA Library Building, 1 Jai Singh Road,
_bNew Delhi
_e110001
300 _ax,296p.
_c22cm(pbk)
500 _aIncludes index
942 _2ddc
_cEN
_mMAT
_h320.60954
999 _c104094
_d104094